000 00431pab a2200133 454500
008 180718b xxu||||| |||| 00| 0 eng d
100 _aLin George Chu-Sheng
245 _aChanging theoretical perspectives on urbanisation in Asian developing countries
362 _a16(1), Feb 1994, p.1-23
650 _a Cities And Towns -- Growth -- Asia
650 _aUrbanisation -- Asia
773 _aThird World Planning Review
909 _a27079
999 _c27079
_d27079